00445nam a2200109Ia 4500008004100000050002800041100003200069245009200101260008600193300002900279521002700308140724s9999 xx 000 0 und d aQA 76.76.W56b.Y19 2013 aYamawake, Hiederose Mako R. aOnline products reservation system for Prens Auto Supply /cHiederose Mako R. Yamawake. aLas Piñas, Philippines :bSouthville International School and Colleges,cc2013. a188 p. :bill. ;c28 cm. aInformation Technology